000 00840nam a2200241Ia 4500
003 OSt
005 20260406112336.0
008 220923b |||||||| |||| 00| 0 eng d
020 _a1856497623
037 _cGeneral Book
040 _aRTL
_cRTL
_beng
041 _2eng
_aeng
084 _aY:48.6.N9, N9
_qRTL
245 0 _aComprehending and mastering African conflicts: the search of sustainable peace and good governance
_b
260 _aLondon
_bZed Books
_c1999
300 _axxii, 377 p.
_bIncludes bibliographical references and index
490 _aAfrican Centre for Development and Strategic Studies
650 _a Sociology
650 _aDisunion
_9263130
700 _aAdedeji Adebayo
_eEditor
942 _hY:48.6.N9, N9
_cGB
_2CC
999 _c586194
_d586194